| 000 | 00933 a2200217 4500 | ||
|---|---|---|---|
| 005 | 20251108191211.0 | ||
| 008 | 250906s2004 le ||||gr|||| 00| 0 ara d | ||
| 020 | _a9953271674 | ||
| 040 |
_aJO-AmGAM _erda |
||
| 082 | 1 | 4 |
_a217.5 _bق د ا |
| 100 | 1 |
_aابن قدامة، موفق الدين ابو محمد عبدالله بن احمد بن حمد المقدسي الدمشقي _eمؤلف. |
|
| 245 | 1 | 2 |
_aالعمدة في الفقة الحنبلي / _cتأليف الامام موفق الدين ابن قدامة المقدسي ؛ تحقيق الشيخ عبدالرزاق المهدي. |
| 250 | _aالطبعة الاولى. | ||
| 264 | 3 | 1 |
_aبيروت : _bدار الكتاب العربي، _c2004. |
| 300 | _a160 صفحة. | ||
| 336 |
_2rdacontent _aنص _btxt |
||
| 337 |
_2rdamedia _aدون وسيط عرض _bn |
||
| 338 |
_2rdacarrier _aمجلد _bnc |
||
| 650 | 1 | 7 | _aالفقة الحنبلي. |
| 942 |
_cBK _2ddc |
||
| 999 |
_c246973 _d246973 |
||